Statistiques concernant Les plus grandes villes de la Banane Bleue

Cliquez ici pour prendre le quiz!

Statistiques générales

  • Ce quiz a été pris 22 315 fois
  • Le résultat moyen est 13 sur 21

Réponses sur la Carte

Les réponses sont colorées sur une échelle allant du rouge au vert en fonction du pourcentage des utilisateurs qui les ont devinées à leur premier essai. Vous pouvez retrouver ces pourcentages ci-dessous.
 

Statistiques - réponses

PopulationVille% Correct
14,8 MLondres
99%
2,70 MBruxelles
95%
2,48 MAmsterdam
90%
6,20 MMilan
88%
3,05 MManchester
86%
2,25 MMunich
81%
1,88 MLiverpool
77%
1,64 MTurin
75%
3,25 MRotterdam
73%
1,29 MLille
71%
1,43 MZurich
71%
3,25 MFrancfort-sur-le-Main
64%
5,00 MCologne / Düsseldorf
60%
5,70 MLa Ruhr
52%
3,15 MBirmingham
50%
2,40 MStuttgart
40%
2,18 MLeeds
36%
1,20 MNuremberg
24%
1,38 MNottingham
18%
1,57 MSheffield
17%
1,58 MMannheim
14%

Distribution des résultats

Percentile par nombre de réponses

% des personnes avec chaque résultat

Votre développement - résultats

Vous n’avez pas pris ce quiz